[Event "BL 0506 SG Kirchheim - SV Wattenscheid"]
[Site "?"]
[Date "2006.??.??"]
[Round "8.7"]
[White "Straeter, Timo"]
[Black "Vonthron, Horst"]
[Result "1-0"]
[WhiteElo "2342"]
[BlackElo "2345"]
[PlyCount "95"]
[EventDate "2006.??.??"]

1. d4 Nf6 2. Nf3 c5 3. d5 e6 4. c4 exd5 5. cxd5 d6 6. Nc3 g6 7. e4 Bg7 8. h3
O-O 9. Bd3 a6 10. a4 Nbd7 11. O-O Qe7 12. Re1 h6 13. Bf4 Nh5 14. Bh2 Ne5 15.
Be2 Bd7 16. Nxe5 Bxe5 17. Bxh5 Bxh2+ 18. Kxh2 Qe5+ 19. Kh1 gxh5 20. Qd2 Kh7 21.
f4 Qd4 22. Qe2 b5 23. axb5 axb5 24. Rxa8 Rxa8 25. e5 Bf5 26. Nxb5 Qxf4 27. Nxd6
Bg6 28. Qe3 Qxe3 29. Rxe3 Rd8 30. Rf3 Kg7 31. Kg1 h4 32. Kf1 Rb8 33. b3 Rd8 34.
Ke1 Ra8 35. Rc3 f6 36. e6 Rd8 37. Nb7 Rxd5 38. Rxc5 Rd3 39. Rc7+ Kf8 40. Nc5
Rd6 41. b4 Ke8 42. b5 Rb6 43. Rb7 Rd6 44. b6 Rc6 45. Rg7 Rxc5 46. b7 Rb5 47.
Rxg6 Ke7 48. Rg8 1-0

[Event "BL 0506 SG Kirchheim - SV Wattenscheid"]
[Site "?"]
[Date "2006.??.??"]
[Round "8.8"]
[White "Zuse, Klaus-Peter"]
[Black "Thiel, Thomas"]
[Result "1-0"]
[WhiteElo "2333"]
[BlackElo "2308"]
[PlyCount "103"]
[EventDate "2006.??.??"]

1. c4 e5 2. Nc3 Nf6 3. e3 Bb4 4. Nge2 O-O 5. a3 Bxc3 6. Nxc3 Re8 7. d3 c6 8.
Be2 d5 9. cxd5 cxd5 10. O-O Nc6 11. Bd2 d4 12. Ne4 Nxe4 13. dxe4 Be6 14. b4 d3
15. Bh5 Rc8 16. Kh1 g6 17. Bg4 Bxg4 18. Qxg4 Ne7 19. f4 Rc2 20. Rad1 exf4 21.
Qxf4 Rf8 22. b5 Qc7 23. Bb4 Qxf4 24. exf4 Re8 25. Rxd3 Rc4 26. Rd7 Rxe4 27.
Rxb7 Nd5 28. Bc5 Re1 29. Rg1 Nxf4 30. h3 Rxg1+ 31. Bxg1 Re1 32. Kh2 Re2 33. Bd4
f5 34. Rxa7 Rxg2+ 35. Kh1 Rd2 36. b6 Rd1+ 37. Bg1 Ne2 38. b7 Rxg1+ 39. Kh2 Rb1
40. Ra8+ Kf7 41. b8=Q Rxb8 42. Rxb8 Nc3 43. Rb7+ Ke6 44. Rxh7 g5 45. Kg2 Kd5
46. Rc7 Nb5 47. Rg7 Nxa3 48. Rxg5 Ke5 49. h4 Nc4 50. h5 Kf6 51. h6 Ne3+ 52. Kf3
1-0

[Event "BL 0506 OSC Baden Baden - Solinger SG"]
[Site "?"]
[Date "2006.??.??"]
[Round "8.1"]
[White "Jussupov, Artur"]
[Black "Svidler, Peter"]
[Result "0-1"]
[WhiteElo "2595"]
[BlackElo "2738"]
[PlyCount "100"]
[EventDate "2006.??.??"]

1. d4 Nf6 2. c4 g6 3. g3 Bg7 4. Bg2 O-O 5. Nc3 d6 6. Nf3 Nc6 7. O-O a6 8. d5
Na5 9. Nd2 c5 10. Qc2 Rb8 11. b3 b5 12. Bb2 e5 13. Rae1 h5 14. Nd1 h4 15. e4
hxg3 16. fxg3 Ng4 17. Nf2 Nh6 18. Bh3 f5 19. Bc3 Rb7 20. Qd3 b4 21. Bb2 Rbf7
22. Qe2 Nb7 23. exf5 gxf5 24. Qh5 Rf6 25. g4 fxg4 26. Bxg4 Rxf2 27. Rxf2 Bxg4
28. Rxf8+ Qxf8 29. Qh4 Qf5 30. Ne4 Qg6 31. Qg5 Bf5 32. Qxg6 Bxg6 33. Ng5 Nd8
34. Bc1 Bf6 35. Ne4 Bh4 36. Re2 Nf5 37. Rg2 Kg7 38. Bg5 Nf7 39. Bxh4 Nxh4 40.
Rg3 Nf5 41. Rg2 N7h6 42. Kf2 Ng8 43. Rg1 Nf6 44. Nxf6 Kxf6 45. Kf3 a5 46. Rf1
Kg5 47. Rg1+ Kh6 48. Kg4 Nd4 49. Rf1 e4 50. Kf4 Nc2 0-1

[Event "BL 0506 OSC Baden Baden - Solinger SG"]
[Site "?"]
[Date "2006.??.??"]
[Round "8.3"]
[White "Baramidze, David"]
[Black "Nielsen, Peter-Heine"]
[Result "0-1"]
[WhiteElo "2535"]
[BlackElo "2668"]
[PlyCount "50"]
[EventDate "2006.??.??"]

1. e4 c5 2. Nf3 d6 3. d4 cxd4 4. Nxd4 Nf6 5. Nc3 a6 6. Be3 e5 7. Nb3 Be6 8. f3
Be7 9. Qd2 O-O 10. O-O-O Nbd7 11. g4 b5 12. g5 b4 13. Ne2 Ne8 14. f4 a5 15. f5
a4 16. Kb1 axb3 17. cxb3 Rxa2 18. fxe6 fxe6 19. Bh3 Qa5 20. Bxe6+ Kh8 21. Ng3
Nc5 22. Bc4 Nc7 23. Rhf1 Ra8 24. Bxc5 Qxc5 25. Qf2 Qxc4 0-1

[Event "BL 0506 OSC Baden Baden - Solinger SG"]
[Site "?"]
[Date "2006.??.??"]
[Round "8.4"]
[White "Movsesian, Sergei"]
[Black "Naumann, Alexander"]
[Result "1/2-1/2"]
[WhiteElo "2645"]
[BlackElo "2536"]
[PlyCount "49"]
[EventDate "2006.??.??"]

1. g3 Nf6 2. Bg2 d5 3. d3 g6 4. Nf3 Bg7 5. O-O O-O 6. Nbd2 d4 7. e4 dxe3 8.
fxe3 c5 9. Nb1 Nc6 10. Nc3 Be6 11. Bd2 h6 12. a3 Rc8 13. Rb1 b6 14. Qe2 Nd7 15.
Ne4 Nde5 16. Bc3 Nxf3+ 17. Qxf3 f5 18. Bxg7 Kxg7 19. Nd2 Bg8 20. Qe2 Qd6 21.
Bxc6 Rxc6 22. e4 Qd4+ 23. Kg2 fxe4 24. Rxf8 Kxf8 25. Nxe4 1/2-1/2

[Event "BL 0506 OSC Baden Baden - Solinger SG"]
[Site "?"]
[Date "2006.??.??"]
[Round "8.7"]
[White "Ernst, Sipke"]
[Black "Schlosser, Philipp"]
[Result "0-1"]
[WhiteElo "2457"]
[BlackElo "2554"]
[PlyCount "100"]
[EventDate "2006.??.??"]

1. d4 d5 2. c4 e6 3. Nf3 Nf6 4. e3 Be7 5. Nbd2 O-O 6. Bd3 c5 7. dxc5 Na6 8. Nb3
Nxc5 9. Nxc5 Bxc5 10. a3 b6 11. b4 dxc4 12. Bxc4 Bd6 13. Bb2 Bb7 14. O-O a5 15.
b5 Rc8 16. Be2 Ne4 17. Qd4 f6 18. Rfc1 Rxc1+ 19. Rxc1 e5 20. Qd1 Bc5 21. Qc2
Qa8 22. Rd1 Kh8 23. Ne1 Rc8 24. Qb3 Bf8 25. Qf7 Nd6 26. Qd7 Qb8 27. Qe6 Be4 28.
a4 Bg6 29. Bg4 Rd8 30. Qb3 Ne4 31. Ba3 Rxd1 32. Bxd1 Bxa3 33. Qxa3 Nc5 34. Qc1
Qd6 35. h4 Kg8 36. Bc2 Qd5 37. Bd1 Kf8 38. h5 Bf7 39. Bf3 Qc4 40. Qd2 Ke7 41.
h6 gxh6 42. Bc6 Qb4 43. Qc1 Qc4 44. Qd2 Qxa4 45. Nd3 Qa2 46. Qxa2 Bxa2 47. Nxc5
bxc5 48. b6 Kd6 49. Ba4 Bd5 50. Kf1 c4 0-1

[Event "BL 0506 OSC Baden Baden - Solinger SG"]
[Site "?"]
[Date "2006.??.??"]
[Round "8.8"]
[White "Doettling, Fabian"]
[Black "Zysk, Robert"]
[Result "0-1"]
[WhiteElo "2542"]
[BlackElo "2455"]
[PlyCount "78"]
[EventDate "2006.??.??"]

1. d4 f5 2. Nc3 Nf6 3. Bg5 d5 4. e3 e6 5. Nf3 a6 6. Be2 Bd6 7. O-O Nbd7 8. Nb1
O-O 9. c4 c6 10. Nbd2 b6 11. cxd5 cxd5 12. Bf4 Qe7 13. Ne1 Bb7 14. Nd3 Ne4 15.
Nf3 Rfc8 16. Bxd6 Nxd6 17. Rc1 Rxc1 18. Qxc1 Rc8 19. Qa1 Rc2 20. Rc1 Rxc1+ 21.
Qxc1 Qd8 22. Nf4 Kf7 23. h4 h6 24. Qd1 Qc7 25. Bd3 Bc8 26. Nh2 Nf6 27. g4 Kg8
28. g5 Nfe4 29. Bxe4 dxe4 30. Qb3 Kf7 31. Nf1 b5 32. Ng3 hxg5 33. hxg5 g6 34.
Qd1 Kg7 35. Kg2 Nf7 36. Qh1 Qe7 37. Qc1 Bb7 38. Qc5 Qd7 39. Nh3 Bd5 0-1

[Event "BL 0506 SC Kreuzberg - SC Eppingen"]
[Site "?"]
[Date "2006.01.28"]
[Round "8.1"]
[White "Postny, Evgeny"]
[Black "Nisipeanu, Liviu-Dieter"]
[Result "1/2-1/2"]
[WhiteElo "2624"]
[BlackElo "2707"]
[PlyCount "65"]
[EventDate "2006.??.??"]

1. d4 Nf6 2. c4 e6 3. Nf3 c5 4. d5 b5 5. Bg5 exd5 6. cxd5 h6 7. Bxf6 Qxf6 8.
Qc2 c4 9. a4 Bb4+ 10. Nc3 bxa4 11. Rxa4 a5 12. e3 O-O 13. Bxc4 d6 14. O-O Nd7
15. Na2 Rb8 16. Nxb4 axb4 17. Nd4 Nc5 18. Ra7 b3 19. Qe2 Bf5 20. Qf3 Rb4 21.
Rc1 g6 22. Bf1 Kg7 23. Rc4 Rfb8 24. Rxb4 Rxb4 25. Qf4 Be4 26. Qxf6+ Kxf6 27.
Nc6 Ra4 28. Rxa4 Nxa4 29. Bc4 Bc2 30. Nd4 Nxb2 31. Bxb3 Bxb3 32. Nxb3 Ke5 33.
Kf1 1/2-1/2

[Event "BL 0506 SC Kreuzberg - SC Eppingen"]
[Site "?"]
[Date "2006.01.28"]
[Round "8.2"]
[White "Socko, Bartosz"]
[Black "Acs, Peter"]
[Result "1-0"]
[WhiteElo "2610"]
[BlackElo "2518"]
[PlyCount "145"]
[EventDate "2006.??.??"]

1. e4 c5 2. Nf3 d6 3. d4 cxd4 4. Nxd4 Nf6 5. Nc3 Nc6 6. Bg5 e6 7. Qd2 a6 8.
O-O-O Be7 9. f3 Nxd4 10. Qxd4 b5 11. Kb1 Bb7 12. h4 Qc7 13. h5 h6 14. Bh4 Rc8
15. Bd3 Qc5 16. Bf2 Qxd4 17. Bxd4 O-O 18. g4 Nd7 19. Be2 b4 20. Na4 Bc6 21. Nb6
Nxb6 22. Bxb6 d5 23. Bxa6 Rb8 24. Bc7 Ra8 25. Bd3 Rfc8 26. Bb6 Ra4 27. b3 Ra3
28. Bd4 Rca8 29. exd5 Bxd5 30. Be4 Bxe4 31. fxe4 Rxa2 32. e5 R2a5 33. Bb2 R5a7
34. Rhe1 f6 35. Re4 fxe5 36. Bxe5 Kf7 37. Rd3 Rb7 38. Bb2 Ra6 39. Rf4+ Kg8 40.
Rc4 Kh7 41. Rc8 Bg5 42. Rf3 Rd6 43. Ra8 Rd1+ 44. Ka2 Rdd7 45. Rff8 Ra7+ 46.
Rxa7 Rxa7+ 47. Kb1 Re7 48. Be5 Rd7 49. Rb8 Rd1+ 50. Kb2 Re1 51. Bd4 Bd2 52. Rd8
e5 53. Bxe5 Bg5 54. Rd5 Re4 55. c3 bxc3+ 56. Bxc3 Rxg4 57. Rd7 Bf4 58. b4 Rg5
59. Bf6 Rg2+ 60. Kb3 Kg8 61. Bd4 Rg5 62. Kc4 Rxh5 63. Rxg7+ Kf8 64. Rh7 Ke8 65.
b5 Rf5 66. b6 Rf7 67. Rxf7 Kxf7 68. Kd5 Ke7 69. Kc6 h5 70. b7 Bb8 71. Bb6 h4
72. Bc7 Ba7 73. Kb5 1-0

[Event "BL 0506 SC Kreuzberg - SC Eppingen"]
[Site "?"]
[Date "2006.01.28"]
[Round "8.3"]
[White "Braun, Arik"]
[Black "Romanishin, Oleg M"]
[Result "1/2-1/2"]
[WhiteElo "2465"]
[BlackElo "2547"]
[PlyCount "49"]
[EventDate "2006.??.??"]

1. d4 Nf6 2. c4 e6 3. Nc3 Bb4 4. Qc2 d5 5. a3 Bxc3+ 6. Qxc3 c5 7. dxc5 d4 8.
Qg3 O-O 9. Bh6 Ne8 10. O-O-O Nc6 11. e3 Qc7 12. Qxc7 Nxc7 13. Bf4 e5 14. Bg3
dxe3 15. fxe3 a5 16. Nf3 f6 17. e4 Bg4 18. Bf2 Ne6 19. Rd5 a4 20. Kd2 Rfc8 21.
Kc3 Ne7 22. Kb4 Nc6+ 23. Kc3 Ne7 24. Kb4 Nc6+ 25. Kc3 1/2-1/2

[Event "BL 0506 SC Kreuzberg - SC Eppingen"]
[Site "?"]
[Date "2006.01.28"]
[Round "8.4"]
[White "Maiwald, Jens-Uwe"]
[Black "Medvegy, Zoltan"]
[Result "0-1"]
[WhiteElo "2502"]
[BlackElo "2478"]
[PlyCount "80"]
[EventDate "2006.??.??"]

1. g3 d5 2. Bg2 c6 3. d3 Nf6 4. Nf3 Bg4 5. O-O Nbd7 6. Nbd2 e5 7. e4 Be7 8. h3
Bh5 9. Qe1 dxe4 10. dxe4 O-O 11. Nc4 Qc7 12. Nh4 Rfe8 13. Nf5 Bf8 14. Bg5 h6
15. Bd2 Bg6 16. Rd1 Bxf5 17. exf5 Nb6 18. Ba5 Qe7 19. Ne3 Qc5 20. b4 Qb5 21. a4
Qxa4 22. c4 c5 23. Bxb7 Rab8 24. Ba6 cxb4 25. Bb5 Qxa5 26. Ra1 Na4 27. Rxa4
Rxb5 28. Rxa5 Rxa5 29. Qd2 Be7 30. Re1 Rd8 31. Qb2 e4 32. g4 Bc5 33. Qe5 Rd2
34. h4 Bxe3 35. Qxa5 Bxf2+ 36. Kf1 Bb6 37. Qb5 Rf2+ 38. Kg1 Re2+ 39. Kf1 Rf2+
40. Kg1 Re2+ 0-1

[Event "BL 0506 SC Kreuzberg - SC Eppingen"]
[Site "?"]
[Date "2006.01.28"]
[Round "8.5"]
[White "Mann, Christian"]
[Black "Kalinitschew, Sergey"]
[Result "1/2-1/2"]
[WhiteElo "2464"]
[BlackElo "2491"]
[PlyCount "79"]
[EventDate "2006.??.??"]

1. e4 d5 2. exd5 Nf6 3. d4 Bg4 4. Be2 Bxe2 5. Qxe2 Qxd5 6. Nf3 e6 7. O-O Nc6 8.
Nc3 Qh5 9. Bf4 O-O-O 10. Rfd1 Bd6 11. Bxd6 Rxd6 12. Ne4 Nxe4 13. Qxe4 Rhd8 14.
Rd3 g5 15. Rad1 g4 16. Ne5 Nxe5 17. dxe5 Rxd3 18. Rxd3 Qg5 19. g3 Rxd3 20. cxd3
h5 21. Kg2 a5 22. f4 Qg6 23. Qd4 Qh7 24. Kf1 h4 25. gxh4 Qxh4 26. Qf2 Qh3+ 27.
Ke2 Kd7 28. Kd2 b6 29. Kc3 Ke7 30. Qg3 Qh5 31. Kc4 f5 32. exf6+ Kxf6 33. Kc3
Qc5+ 34. Kd2 Kf5 35. h3 Qb4+ 36. Ke3 Qc5+ 37. Kd2 Qb4+ 38. Ke3 Qc5+ 39. Kd2
Qb4+ 40. Ke3 1/2-1/2

[Event "BL 0506 SC Kreuzberg - SC Eppingen"]
[Site "?"]
[Date "2006.01.28"]
[Round "8.6"]
[White "Lau, Ralf"]
[Black "Rau, Hannes"]
[Result "1-0"]
[WhiteElo "2467"]
[BlackElo "2421"]
[PlyCount "165"]
[EventDate "2006.??.??"]

1. e4 c5 2. Nc3 Nc6 3. f4 g6 4. Nf3 Bg7 5. Bb5 Nd4 6. a4 a6 7. Bd3 d6 8. Nxd4
cxd4 9. Ne2 Bd7 10. O-O Nf6 11. Kh1 Bc6 12. Nxd4 Bxe4 13. Bxe4 Nxe4 14. d3 Ng3+
15. hxg3 Bxd4 16. c3 Bf6 17. Qf3 Qd7 18. g4 h5 19. g5 Bg7 20. Be3 e6 21. Bb6
Qc6 22. a5 Qxf3 23. Rxf3 Rc8 24. Kg1 Kd7 25. Kf2 d5 26. Ke3 Rhe8 27. Bd4 Bf8
28. b4 Rc6 29. Kd2 Bd6 30. g3 Rc7 31. Rb1 Kc6 32. Kc2 Rd7 33. Kb3 Kc7 34. Rg1
Kc8 35. Bf6 Be7 36. Bg7 Bf8 37. Bd4 Bd6 38. Re1 Rc7 39. Re2 Rd7 40. Bf6 Be7 41.
Bg7 Bd6 42. Rf1 Rde7 43. Bf6 Rc7 44. Rg2 Rc6 45. g4 hxg4 46. Rxg4 b6 47. axb6
Rxb6 48. Bd4 Rb5 49. Rg2 Kb7 50. Be5 Bf8 51. Ra2 Rd8 52. Rfa1 Ra8 53. Rh1 Rd8
54. Rh8 Rb6 55. Bd4 Rc6 56. b5 axb5 57. Ra7+ Kb8 58. Rxf7 Rcc8 59. Rhh7 Bc5 60.
Be5+ Ka8 61. Rh1 Bd6 62. Ra1+ Kb8 63. Raa7 Rc6 64. Rfb7+ Kc8 65. Rxb5 Bxe5 66.
fxe5 Rc7 67. Ra8+ Kd7 68. Rxd8+ Kxd8 69. Rb8+ Ke7 70. Rh8 Rb7+ 71. Kc2 Rb6 72.
c4 dxc4 73. dxc4 Ra6 74. Kc3 Ra1 75. Kd4 Rg1 76. Kc5 Rxg5 77. Rh7+ Kf8 78. Kd6
Rg1 79. c5 g5 80. c6 Rd1+ 81. Kxe6 Rc1 82. c7 Kg8 83. Rd7 1-0

[Event "BL 0506 SC Kreuzberg - SC Eppingen"]
[Site "?"]
[Date "2006.01.28"]
[Round "8.7"]
[White "Miltner, Arndt"]
[Black "Volke, Karsten"]
[Result "1/2-1/2"]
[WhiteElo "2400"]
[BlackElo "2473"]
[PlyCount "51"]
[EventDate "2006.??.??"]

1. Nf3 Nf6 2. e3 g6 3. b4 a5 4. b5 Bg7 5. Bb2 O-O 6. c4 c6 7. a4 d5 8. h3 Nbd7
9. Be2 dxc4 10. Bxc4 Nb6 11. Be2 Nbd5 12. Na3 Nb4 13. d3 Bf5 14. e4 Bd7 15. O-O
cxb5 16. axb5 Nh5 17. Bxg7 Kxg7 18. Qd2 Qb8 19. Rfd1 Rd8 20. Qb2+ Kg8 21. Ne5
Nf6 22. Rdc1 Be8 23. b6 Nd7 24. Nac4 Nxe5 25. Nxe5 Nc6 26. Rc5 1/2-1/2

[Event "BL 0506 SC Kreuzberg - SC Eppingen"]
[Site "?"]
[Date "2006.01.28"]
[Round "8.8"]
[White "Tischbierek, Raj"]
[Black "Balzar, Andreas Dr"]
[Result "1-0"]
[WhiteElo "2466"]
[BlackElo "2374"]
[PlyCount "41"]
[EventDate "2006.??.??"]

1. e4 c5 2. Nc3 d6 3. Nge2 a6 4. h3 e6 5. g4 b5 6. Bg2 Bb7 7. Ng3 Ne7 8. O-O
Ng6 9. d3 Be7 10. f4 Nh4 11. Bh1 O-O 12. g5 b4 13. Qg4 bxc3 14. Qxh4 f6 15.
bxc3 fxg5 16. Qg4 Qd7 17. f5 exf5 18. Nxf5 Bc8 19. Bxg5 Bf6 20. e5 Bxg5 21.
Qxg5 1-0

[Event "BL 0506 SF Berlin - TV Tegernsee"]
[Site "?"]
[Date "2006.01.28"]
[Round "8.1"]
[White "Khenkin, Igor"]
[Black "Nataf, Igor-Alexandre"]
[Result "1/2-1/2"]
[WhiteElo "2603"]
[BlackElo "2564"]
[PlyCount "31"]
[EventDate "2006.??.??"]

1. d4 Nf6 2. c4 g6 3. Nc3 Bg7 4. e4 d6 5. Nf3 O-O 6. h3 e5 7. dxe5 dxe5 8. Qxd8
Rxd8 9. Bg5 Re8 10. Nd5 Nxd5 11. cxd5 c6 12. Bc4 cxd5 13. Bxd5 Nd7 14. Nd2 Nc5
15. Nc4 Bf8 16. Ke2 1/2-1/2

[Event "BL 0506 SF Berlin - TV Tegernsee"]
[Site "?"]
[Date "2006.01.28"]
[Round "8.2"]
[White "Miezis, Normunds"]
[Black "Sokolov, Andrei"]
[Result "1-0"]
[WhiteElo "2470"]
[BlackElo "2623"]
[PlyCount "75"]
[EventDate "2006.??.??"]

1. c4 Nf6 2. Nc3 c5 3. e4 Nc6 4. f4 d6 5. Nf3 Bg4 6. Be2 e6 7. O-O Be7 8. d3
O-O 9. Kh1 Ne8 10. Ng1 Bxe2 11. Ngxe2 Nc7 12. Rf3 d5 13. cxd5 exd5 14. f5 dxe4
15. Nxe4 Nd5 16. Rg3 Re8 17. Bh6 g6 18. N2c3 Nxc3 19. bxc3 Qd5 20. Qf3 Rad8 21.
Rf1 Kh8 22. f6 Ne5 23. Qf4 Bd6 24. Rh3 Kg8 25. Bg7 Qxd3 26. Rxd3 Nxd3 27. Qxd6
Rxd6 28. Nxd6 Re2 29. Kg1 h5 30. Nxb7 Rxa2 31. Nd6 a5 32. Rb1 Rb2 33. Ra1 g5
34. h3 Nf4 35. Rxa5 Rxg2+ 36. Kf1 Kh7 37. Ne4 Kg6 38. Rxc5 {(Zue)} 1-0

[Event "BL 0506 SF Berlin - TV Tegernsee"]
[Site "?"]
[Date "2006.01.28"]
[Round "8.3"]
[White "Ribli, Zoltan"]
[Black "Brynell, Stellan"]
[Result "1/2-1/2"]
[WhiteElo "2585"]
[BlackElo "2496"]
[PlyCount "49"]
[EventDate "2006.??.??"]

1. c4 e5 2. Nf3 Nf6 3. Nc3 Nc6 4. d3 Bb4 5. Bd2 O-O 6. e3 Re8 7. Qc2 d5 8. cxd5
Nxd5 9. Be2 Bf8 10. O-O Bg4 11. a3 Nxc3 12. Bxc3 Qd5 13. h3 Bh5 14. Rfd1 Rad8
15. b4 a6 16. Rac1 f6 17. Bb2 Kh8 18. Qb1 Rd7 19. g4 Bf7 20. Nh4 Nd8 21. Bf3
Qa2 22. Qxa2 Bxa2 23. Nf5 c6 24. Rc3 Nf7 25. Ng3 1/2-1/2

[Event "BL 0506 SF Berlin - TV Tegernsee"]
[Site "?"]
[Date "2006.01.28"]
[Round "8.4"]
[White "Polzin, Rainer"]
[Black "Boensch, Uwe"]
[Result "1-0"]
[WhiteElo "2514"]
[BlackElo "2547"]
[PlyCount "105"]
[EventDate "2006.??.??"]

1. e4 c5 2. Nf3 Nc6 3. d4 cxd4 4. Nxd4 Qb6 5. Nb3 Nf6 6. Nc3 e6 7. Qe2 d6 8. g4
h6 9. h4 a6 10. Bh3 Nd7 11. Be3 Qc7 12. O-O-O Nc5 13. Kb1 Bd7 14. Bxc5 dxc5 15.
Nd5 Qd8 16. g5 Nd4 17. Nxd4 cxd4 18. g6 fxg6 19. Nf4 Qf6 20. Qg4 h5 21. Qxg6+
Qxg6 22. Nxg6 Rh6 23. Nxf8 Kxf8 24. Rxd4 Bc6 25. f3 Rf6 26. Rd3 Kf7 27. Kc1 Rf8
28. b3 Ke7 29. Bg2 Rg6 30. Bf1 Rg3 31. Be2 Rg2 32. Re3 Rf4 33. c4 Kf6 34. Kd1
Ke5 35. Ke1 Rf8 36. Kf1 Rg6 37. Kf2 Rd8 38. Rd1 Rf8 39. b4 Rc8 40. b5 Be8 41.
a4 Rf6 42. Red3 Rf7 43. Rd6 axb5 44. axb5 Rfc7 45. Ke3 Ra8 46. f4+ Kf6 47. Rd8
Rcc8 48. Rxc8 Rxc8 49. Rd6 Ke7 50. Rb6 Rc7 51. Kd4 g6 52. c5 Rd7+ 53. Kc3 1-0

[Event "BL 0506 SF Berlin - TV Tegernsee"]
[Site "?"]
[Date "2006.01.28"]
[Round "8.5"]
[White "Kindermann, Stefan"]
[Black "Berndt, Stephan"]
[Result "1-0"]
[WhiteElo "2535"]
[BlackElo "2447"]
[PlyCount "97"]
[EventDate "2006.??.??"]

1. e4 c5 2. d3 Nc6 3. f4 g6 4. Nf3 Bg7 5. g3 d6 6. Bg2 e6 7. c3 Nge7 8. O-O O-O
9. Be3 b6 10. Na3 Bb7 11. d4 cxd4 12. Nxd4 Nxd4 13. Bxd4 e5 14. Be3 f5 15. fxe5
dxe5 16. Qb3+ Kh8 17. Rad1 Qb8 18. Qe6 Ng8 19. Nb5 Rf6 20. Qd7 Bc6 21. Qd3 Qf8
22. exf5 Bxg2 23. Kxg2 gxf5 24. Bg5 f4 25. Bxf6 Qxf6 26. Nd6 Rf8 27. Ne4 Qg6
28. Qe2 Nh6 29. Kh1 Ng4 30. Rd6 Qh5 31. Rd3 Qg6 32. h3 Ne3 33. Rxe3 fxe3 34.
Rxf8+ Bxf8 35. Qxe3 Qh5 36. g4 Qf7 37. Qf2 Qe8 38. Qf5 Bg7 39. Ng5 Qc6+ 40. Qe4
Qxe4+ 41. Nxe4 Kg8 42. Nd6 a6 43. Kg2 b5 44. Kf3 Bf8 45. Nf5 Kf7 46. Ke4 Ke6
47. b4 Kf6 48. h4 h6 49. Nxh6 1-0

[Event "BL 0506 SF Berlin - TV Tegernsee"]
[Site "?"]
[Date "2006.01.28"]
[Round "8.6"]
[White "Borriss, Martin Dr"]
[Black "Hertneck, Gerald"]
[Result "1-0"]
[WhiteElo "2424"]
[BlackElo "2539"]
[PlyCount "67"]
[EventDate "2006.??.??"]

1. e4 e6 2. d4 d5 3. Nc3 Nf6 4. e5 Nfd7 5. f4 c5 6. Nf3 Nc6 7. Be3 Rb8 8. Be2
cxd4 9. Nxd4 Bc5 10. Qd2 O-O 11. Rd1 a6 12. O-O Nxd4 13. Bxd4 Qb6 14. Qe3 Bxd4
15. Rxd4 f6 16. exf6 Nxf6 17. Na4 Qa7 18. b4 b6 19. c4 b5 20. cxb5 axb5 21. Nc5
Qxa2 22. Bf3 Qa7 23. g4 Qf7 24. g5 Ne8 25. f5 Nc7 26. fxe6 Bxe6 27. Nxe6 Nxe6
28. Bg2 Qg6 29. Bxd5 Rxf1+ 30. Kxf1 Re8 31. Qe5 Kf8 32. Re4 Nxg5 33. Rf4+ Nf7
34. Qc3 1-0

[Event "BL 0506 SF Berlin - TV Tegernsee"]
[Site "?"]
[Date "2006.01.28"]
[Round "8.7"]
[White "Teske, Henrik"]
[Black "Schneider, Ilja"]
[Result "1-0"]
[WhiteElo "2487"]
[BlackElo "2392"]
[PlyCount "81"]
[EventDate "2006.??.??"]

1. d4 d5 2. c4 Nc6 3. Nc3 dxc4 4. Nf3 Nf6 5. e4 Bg4 6. Be3 e6 7. Bxc4 Bb4 8.
Qd3 O-O 9. Bb5 Bh5 10. Bxc6 bxc6 11. Ne5 c5 12. f3 Nd7 13. O-O-O cxd4 14. Qxd4
Nxe5 15. Qxe5 Bxc3 16. bxc3 Qh4 17. Rd2 f6 18. Bf2 Qxf2 19. Qxe6+ Bf7 20. Qxf7+
Kxf7 21. Rxf2 Rfd8 22. Rd2 Rxd2 23. Kxd2 Rb8 24. Kc2 Rb6 25. Rd1 Ke6 26. Rd4 g5
27. Rc4 Kd6 28. Ra4 a6 29. Rb4 Rc6 30. Kd3 Rc5 31. a4 Ra5 32. Kc4 Ke5 33. Kd3
c5 34. Rc4 h5 35. Ke3 h4 36. h3 Kd6 37. f4 gxf4+ 38. Kxf4 Ke6 39. Kg4 Ke5 40.
Kf3 Kd6 41. g3 1-0

[Event "BL 0506 SF Berlin - TV Tegernsee"]
[Site "?"]
[Date "2006.01.28"]
[Round "8.8"]
[White "Thiede, Lars"]
[Black "Bromberger, Stefan"]
[Result "1/2-1/2"]
[WhiteElo "2417"]
[BlackElo "2478"]
[PlyCount "90"]
[EventDate "2006.??.??"]

1. g3 Nf6 2. c4 g6 3. Bg2 Bg7 4. Nf3 O-O 5. O-O d6 6. Nc3 e5 7. d3 Nc6 8. Rb1
h6 9. b4 Be6 10. b5 Ne7 11. Qb3 Qc8 12. a4 g5 13. Ba3 Re8 14. a5 Bf8 15. Rfc1
Nf5 16. e4 Ng7 17. d4 exd4 18. Nxd4 Bh3 19. Bh1 Nd7 20. Re1 Ne6 21. Nf5 Nec5
22. Qc2 a6 23. Bb4 Nf6 24. Ne3 c6 25. bxc6 bxc6 26. Bxc5 dxc5 27. Bg2 Ra7 28.
Bxh3 Qxh3 29. Rb6 Nd7 30. Rxc6 Bg7 31. f4 gxf4 32. gxf4 Bd4 33. Ncd5 Kh8 34.
Kh1 Rg8 35. Qe2 Rb7 36. Qf1 Qh5 37. Nf5 f6 38. Nxd4 cxd4 39. Nb6 Nxb6 40. Rxb6
Rbg7 41. Rb3 Rg4 42. Qf2 Qxa5 43. Rh3 Kh7 44. e5 Qc7 45. Qxd4 Qb7+ {(=)}
1/2-1/2

[Event "BL 0506 SK Zehlendorf - Godesberger SK"]
[Site "?"]
[Date "2006.01.28"]
[Round "8.2"]
[White "Maksimenko, Andrei"]
[Black "Jenni, Florian"]
[Result "1-0"]
[WhiteElo "2501"]
[BlackElo "2502"]
[PlyCount "81"]
[EventDate "2006.??.??"]

1. e4 e5 2. Nf3 Nc6 3. d4 exd4 4. Nxd4 Nf6 5. Nxc6 bxc6 6. e5 Qe7 7. Qe2 Nd5 8.
c4 Ba6 9. b3 g5 10. g3 Bg7 11. Bb2 O-O-O 12. Nd2 f5 13. exf6 Qxe2+ 14. Bxe2
Nxf6 15. O-O-O Rhe8 16. Bd3 Re7 17. Rde1 Rde8 18. Rxe7 Rxe7 19. f3 c5 20. h4 h6
21. hxg5 hxg5 22. Bxf6 Bxf6 23. Rh6 Re6 24. Kc2 Bd4 25. Rh5 Re1 26. Rxg5 Ra1
27. Rg8+ Kb7 28. Bf5 Rxa2+ 29. Kd3 Kc6 30. Rd8 d5 31. Rxd5 Kb6 32. Rd8 c6 33.
Re8 Bf2 34. g4 Bg3 35. Re4 Ra1 36. g5 Rg1 37. Rg4 Bf2 38. Rxg1 Bxg1 39. g6 Bd4
40. Ne4 Bg7 41. Ng5 1-0

[Event "BL 0506 SK Zehlendorf - Godesberger SK"]
[Site "?"]
[Date "2006.01.28"]
[Round "8.3"]
[White "Sprenger, Jan-Michael"]
[Black "Werner, Dimo"]
[Result "1-0"]
[WhiteElo "2505"]
[BlackElo "2376"]
[PlyCount "123"]
[EventDate "2006.??.??"]

1. e4 Nf6 2. e5 Nd5 3. d4 d6 4. Nf3 Bg4 5. Be2 c6 6. O-O Bxf3 7. Bxf3 dxe5 8.
dxe5 e6 9. Nd2 Nd7 10. Re1 Qb8 11. Bxd5 cxd5 12. c4 Nb6 13. cxd5 Nxd5 14. Ne4
Bb4 15. Bd2 O-O 16. Bxb4 Nxb4 17. Nf6+ gxf6 18. Qg4+ Kh8 19. exf6 Rg8 20. Qxb4
Qd8 21. Qxb7 Qxf6 22. b3 a5 23. Qe4 Rab8 24. Rac1 Rb5 25. Rc4 Rd8 26. g3 Rbd5
27. Kg2 Rf5 28. Re2 h5 29. Qe3 Kh7 30. Rd2 Rg8 31. Rdd4 Qe5 32. Qd3 Kg7 33. Rd7
Rb8 34. Re4 Qf6 35. Qe3 Rbb5 36. Rdd4 Qe7 37. Rf4 Qb7+ 38. Qf3 Qxf3+ 39. Kxf3
Kg6 40. Rxf5 Rxf5+ 41. Ke3 Rc5 42. Kd3 e5 43. Rc4 Rb5 44. f4 Kf5 45. fxe5 Rxe5
46. Rf4+ Kg6 47. Rh4 Rc5 48. a3 Rc1 49. Kd2 Rc8 50. b4 axb4 51. axb4 Rb8 52.
Kc3 f5 53. Kc4 Rc8+ 54. Kd5 Rb8 55. Kc6 Rc8+ 56. Kb7 Rc2 57. b5 Kg5 58. b6 f4
59. Rxf4 Rxh2 60. Ra4 Rh3 61. Ra3 Kg4 62. Ka7 1-0

[Event "BL 0506 SK Zehlendorf - Godesberger SK"]
[Site "?"]
[Date "2006.01.28"]
[Round "8.4"]
[White "Janz, Frerik"]
[Black "Seel, Christian"]
[Result "1/2-1/2"]
[WhiteElo "2355"]
[BlackElo "2492"]
[PlyCount "87"]
[EventDate "2006.??.??"]

1. Nc3 d5 2. d4 c6 3. e4 dxe4 4. Nxe4 Bf5 5. Ng3 Bg6 6. Nh3 Nf6 7. Nf4 e5 8.
Nxg6 hxg6 9. dxe5 Qxd1+ 10. Kxd1 Ng4 11. Be3 Nxe3+ 12. fxe3 Ke7 13. Bc4 Nd7 14.
e6 Nb6 15. Bb3 c5 16. c3 c4 17. Bc2 Kxe6 18. Ne2 Bd6 19. h3 Rae8 20. Rf1 Re7
21. Kd2 Kd7 22. Rf3 Ke8 23. Raf1 Nd7 24. Nd4 Ne5 25. R3f2 Rh4 26. Nf3 Rh5 27.
Nxe5 Rhxe5 28. Rf3 Bc5 29. e4 f5 30. exf5 Re2+ 31. Kc1 Rxg2 32. Bd1 g5 33. f6
gxf6 34. Rxf6 Kd8 35. Rf8+ Kc7 36. R8f7 Rh2 37. Bg4 b5 38. a3 a5 39. R1f5 Rxf7
40. Rxf7+ Kd6 41. Rf6+ Kc7 42. Rf7+ Kd6 43. Rf6+ Kc7 44. Rf7+ 1/2-1/2